| 000 | 00600nam a2200229Ia 4500 | ||
|---|---|---|---|
| 003 | OSt | ||
| 005 | 20220916111036.0 | ||
| 006 | a|||||r|||| 00| 0 | ||
| 007 | ta | ||
| 008 | 220915b |||||||| |||| 00| 0 eng d | ||
| 024 | _a126841 | ||
| 037 | _cTextbook | ||
| 040 |
_beng _aARTS _cARTS |
||
| 041 | _aeng | ||
| 082 | _aV6596:1:M8, 122B9 (906) | ||
| 100 | _aFaidhebre | ||
| 245 | 0 | _aSengal : La France dans's L'Afriqiue occidentale | |
| 260 |
_aNA _bNA |
||
| 650 | _aHISTORY | ||
| 942 |
_hV6596:1:M8, 122B9 (906) _cTB _2CC |
||
| 999 |
_c104289 _d104289 |
||